Die Sprache der Werbung diplomová práca

Gespeichert in:
Bibliographische Detailangaben
1. Verfasser: Lukáčiková, Martina
Körperschaft: Fakulta aplikovaných jazykov EU v Bratislave. Katedra jazykovedy a translatológie
Weitere Verfasser: Lišková, Danuša
Format: Buch
Sprache:Deutsch
Veröffentlicht: Bratislava 2016
Tags: Tag hinzufügen
Keine Tags, Fügen Sie das erste Tag hinzu!

MARC

LEADER 00000nbm a2200000 4500
001 0217439
005 20170306152242.6
041 0 |a ger 
044 |a SK 
245 1 0 |a Die Sprache der Werbung  |b diplomová práca  |c Martina Lukáčiková ; školiteľ: Danuša Lišková 
264 1 |a Bratislava  |c 2016 
300 |a 80 s. 
100 1 |a Lukáčiková, Martina 
700 1 |a Lišková, Danuša 
710 2 |a Fakulta aplikovaných jazykov EU v Bratislave. Katedra jazykovedy a translatológie